Náklady v edukačnom procese manažéra

Aktuálny pohľad na vzdelávanie a vyučovací proces. Možnosti sebareflexie prostredníctvom hodnotenia výsledkov študentov a pohľad na portfólio aktuálnych tém v oblasti kvality vzdelávania na ekonomických, manažérskych a technicko-ekonomických univerzitách a vysokých školách.

Gespeichert in:
Bibliographische Detailangaben
1. Verfasser: Kajanová, Jana
Format: Buchkapitel
Sprache:Slowakisch
Schlagworte:
Tags: Tag hinzufügen
Keine Tags, Fügen Sie das erste Tag hinzu!

MARC

LEADER 00000naa a2200000 4500
001 0250046
005 20220718112033.6
041 0 |a slo 
044 |a SK 
245 1 0 |a Náklady v edukačnom procese manažéra  |c Jana Kajanová 
520 |a Aktuálny pohľad na vzdelávanie a vyučovací proces. Možnosti sebareflexie prostredníctvom hodnotenia výsledkov študentov a pohľad na portfólio aktuálnych tém v oblasti kvality vzdelávania na ekonomických, manažérskych a technicko-ekonomických univerzitách a vysokých školách. 
610 2 0 |a školy vysoké 
610 2 0 |a univerzity 
610 2 0 |a politika vzdelávania 
610 2 0 |a manažéri 
610 2 0 |a náklady 
100 1 |a Kajanová, Jana